00274nam a2200121Ia 4500100002800000250000600028654002100034245003100055260003300086082001300119300000800132546001200140 aMishra/ Chandrasekaran  a2 acomputer science aTheory of Computer Science bPrentice Hall of Indiac2004 a4.1bMIS a304 aENGLISH